000
00318nam a2200109Ia 4500
008
171204s9999 xx 000 0 und d
245
_a
Psychology and Neurobiology of Empathy:
245
_c
Douglas F. Watt
260
_c
2016
650
_x
CLINICAL PSYCHOLOGY
856
_u
http://down.ebook777.com/052/9781634844468.pdf
999
_c
346420
_d
346420